|
|
|
|
| LEADER |
00970cam a2200277 a 4500 |
| 001 |
c000215500 |
| 003 |
CARM |
| 005 |
20060606115239.0 |
| 008 |
821122s1983 enka b 001 0 eng |
| 019 |
1 |
|
|a 2419660
|5 LACONCORD2021
|
| 020 |
|
|
|a 0224019678 :
|c £7.95
|
| 035 |
|
|
|a (OCoLC)9622218
|5 LACONCORD2021
|
| 040 |
|
|
|a LC
|b eng
|c LC
|d QUT
|
| 050 |
0 |
0 |
|a QA76
|b .B455 1983
|
| 082 |
1 |
4 |
|a 001.53/5
|2 19
|
| 100 |
1 |
|
|a Berry, Adrian.
|
| 245 |
1 |
4 |
|a The super-intelligent machine :
|b an electronic odyssey /
|c Adrian Berry.
|
| 260 |
|
|
|a London :
|b J. Cape,
|c 1983.
|
| 300 |
|
|
|a ix, 182 p. :
|b ill. ;
|c 23 cm.
|
| 500 |
|
|
|a Includes index.
|
| 504 |
|
|
|a Bibliography: p. 167-171.
|
| 650 |
|
0 |
|a Computers.
|
| 650 |
|
0 |
|a Artificial intelligence.
|
| 852 |
8 |
|
|b CARM
|h A2:AK20A0
|i B06165
|p 0268044
|f BK
|
| 999 |
f |
f |
|i 6560f77b-54b0-5072-b8fa-ce025cce2bd9
|s 6bfb1fa8-c6e0-5ce5-8f3c-9f135a88a07c
|
| 952 |
f |
f |
|p Can circulate
|a CAVAL
|b CAVAL
|c CAVAL
|d CARM 1 Store
|e B06165
|f A2:AK20A0
|h Other scheme
|i book
|m 0268044
|